000 00202 a2200097 4500
001 913
100 _aLauver,H
245 _aDervomechanism fandamentals
260 _a
_bMcgrawhill
_c
090 _c503
_d503
942 _aNUST-CAE
_cM
_c31412
999 _c235986
_d235986